000 00523nam a2200157 4500
999 _c512907
_d512907
008 191227b ||||| |||| 00| 0 eng d
100 _aKundu, Amit
_914957
245 _aPush and (or) pull?: Drivers of labour force participation in Indian agriculture
260 _bIndian Journal of Labour Economics
300 _a62(3), Jul-Sep, 2019: p.413-430.
650 _aManpower
_914958
700 _aDas, Sangita
_914959
773 _aIndian Journal of Labour Economics
906 _aAgriculture - India
942 _2ddc
_cAR